000 00609nam a2200253Ia 4500
003 IT-RoPAU
008 120407s9999 xx 000 0 und d
040 _aIT-RoPAU
040 _cIT-RoPAU
041 _aita
100 _aAntonio Tarzia
100 _ccoll.
245 _a"San Paolo nell’arte contemporanea. In occasione del centenario della nascita di Don Giacomo Alberione."
250 _aMilano
260 _aEdizioni Paoline
260 _c1984
300 _a103 p.
300 _bill.
300 _c23,5 cm
490 _v1
700 _aGiorgio Mascherpa
942 _cBK
999 _c24088
_d24088